| 000 | 00833nam a22002177a 4500 | ||
|---|---|---|---|
| 999 |
_c18093 _d18093 |
||
| 003 | AR-CdUCM | ||
| 008 | 190511b ||||| |||| 00| 0 spa d | ||
| 040 |
_aMUNICIPALIDAD PROVINCIAL DEL CUSCO _cBIBLIOTECA MUNICIPAL DEL CUSCO |
||
| 082 |
_a985.03 / _bS73 |
||
| 100 |
_aSpalding, Karen _938470 |
||
| 245 |
_aDe indio a campesino : _bCambios en la estructura social del Perú colonial / |
||
| 260 |
_aLima : _bInstituto de Estudios Peruanos, _c1974. |
||
| 300 |
_a258 páginas ; _c20 cm. |
||
| 440 |
_aHistoria andina ; _n2 _938471 |
||
| 505 | _aContenido: Transformaciones internas de la sociedad indígena -- Indio y europea: relaciones de dependencia. | ||
| 650 |
_aIndigenismo _9208 |
||
| 650 |
_aTrasformaciones culturales _938472 |
||
| 650 |
_aEl indio en el Perú _938473 |
||
| 942 |
_2ddc _cLIBROS |
||
| 945 |
_adavv _d2019-05-11 |
||